100 Most Popular Baby Girl Names Starting with G in the UK, 2021 - Statistics

General Stats
  • This quiz has been taken 283 times
  • The average score is 23 of 100
Answer Stats
Name % Correct
Grace
94%
Georgia
88%
Georgia-Grace
88%
Georgie-Grace
88%
Gracie
88%
Gabriel
80%
Georgina
79%
Gabriella
78%
Gia
77%
Gemma
76%
Gloria
71%
Gabrielle
67%
Gianna
66%
Georgie
65%
Gina
62%
Gwen
62%
Greta
53%
Genevieve
48%
Gillian
48%
Ginny
48%
Gwendolyn
45%
Georgiana
41%
Giana
36%
Giselle
35%
Glory
34%
Gracelyn
32%
Gaia
30%
Goldy
30%
Gabriela
29%
Giovanna
29%
Giulia
29%
Goldie
29%
Gala
28%
Genesis
25%
Gwendolen
25%
Ginger
24%
Gracie-Rose
23%
Gwyneth
22%
Gwendoline
21%
Gracie-Mae
20%
Gigi
19%
Gracie-May
19%
Giuliana
18%
Guinevere
18%
Georgia-Rose
13%
Gabriele
12%
Genie
12%
Ghalia
12%
Gracey
12%
Ginevra
11%
Giorgia
11%
Golda
11%
Georgie-Rose
9%
Giada
8%
Gabriella-Rose
7%
Gracie-Mai
7%
Gracie-Rae
7%
Gracie-Leigh
6%
Gweni
6%
Gisele
5%
Ghazal
4%
Giavanna
4%
Gypsy
4%
Georgie-Rae
3%
Gracie-Ann
3%
Gracie-Lou
3%
Gypsy-Rose
3%
Gioia
2%
Gracie-Louise
2%
Gaja
1%
Gauri
1%
Gelila
1%
Gift
1%
Gittel
1%
Gitty
1%
Gurbani
1%
Gurleen
1%
Gurnaaz
1%
Gurnaz
1%
Gurnoor
1%
Gwenno
1%
Gabia
0%
Gabija
0%
Ganeev
0%
Gergana
0%
Goda
0%
Gokce
0%
Guneet
0%
Gurasees
0%
Gurkirat
0%
Gurmehar
0%
Gurneet
0%
Gurrehmat
0%
Gursanjh
0%
Gurseerat
0%
Gursifat
0%
Gursirat
0%
Guste
0%
Gwenllian
0%
Gwennan
0%
No matching quizzes found
Score Distribution
Percent of People with Each Score
Percentile by Number Answered
Your Score History
You have not taken this quiz